000 01282nam2a22002651 4500
001 RU\NLR\INFOCOMM10\1000266900
005 20250617141109.0
035 _a(NLR Aleph) 002653985
090 _a3896389
_c3896390
100 _a20040712d1964 |||y0rusy50 ca
101 0 _arus
102 _aRU
105 _ay |||||||||
200 1 _aЭкономия электроэнергии при эксплуатации электрооборудования, электрических сетей на промышленных предприятиях
_fА.Н. Удальцов
_gМатериалы заводского опыта
210 _d1964
_aБ. м.
225 1 _aТема 32
_vВып.2
461 0 _1001RU\NLR\INFOCOMM10\1000264961
_12001#$aПередовой научно-технический и производственный опыт$fГос. Ком. Совета Министров РСФСР по координации науч.-исслед. работ. Гос. Науч.-исслед. ин-т науч. и техн. информации$v1964, №32-64-1015
700 1 _aУдальцов
_bА.Н.
_4070
801 1 _aRU
_bInfoComm
_c20040712
801 0 _aRU
_bNLR
_gPSBO
852 _aNLR
_jП11/2295
942 _cISSUE
980 _aNB
980 _aRUSPER